000 00889nam a22002777a 4500
001 9924
003 FISKH
005 20260317093713.0
008 260317b cb ||||| |||| 00| 0 eng d
020 _a9780462005027
040 _aFISKH
_beng
_cFISKH
_dFISKH
082 _a567.9
100 _aMarshall , Jenny
245 _aA real dinosuar /
_cWritten by Jenny Marshall : Illustrated by Donovan Bixley
250 _aFirst published 2008
260 _aLondon :
_bMarshall Cavendish Limited ,
_c2008.
300 _a16 pages :
_bcolor illustrations ;
_c19 cm .
490 _aMy Pals Are Here ! : Reading Stars
505 _aH
520 _aHenry tells his grandfather all about the dinosaur he saw and photographed.
521 8 _a400
_bLexile estimate
521 8 _aH
_bRaz-Plus
700 _aBixley , Donovan
_eIllustrator
942 _2ddc
_cBK
_n0
999 _c9924
_d9924